[Event "TUR-chT 2nd League"]
[Site "Konya"]
[Date "2022.08.23"]
[Round "3.14"]
[White "Dinler, Oral"]
[Black "Kaymak, Ozan"]
[Result "0-1"]
[WhiteElo "1553"]
[BlackElo "1743"]
[PlyCount "92"]
[EventDate "2022.08.22"]
[EventType "team-swiss"]
[EventRounds "9"]
[EventCountry "TUR"]
[SourceTitle "CBM 210 Extra"]
[Source "ChessBase"]
[SourceDate "2022.11.30"]
[SourceVersion "1"]
[SourceVersionDate "2022.11.30"]
[SourceQuality "1"]
[WhiteTeam "Samsun Gercek"]
[BlackTeam "Denizli Ihtisas"]
[WhiteTeamCountry "TUR"]
[BlackTeamCountry "TUR"]

1. d4 Nf6 2. Nc3 e6 3. Bf4 Be7 4. e3 0-0 5. Nf3 b6 6. Bd3 Bb7 7. 0-0 c5 8. Nb5 d6 9. c3 a6 10. Na3 Nbd7 11. Be2 Ne4 12. Nc4 b5 13. Ncd2 Ndf6 14. Nxe4 Nxe4 15. Nd2 Nxd2 16. Qxd2 c4 17. Qd1 Qd7 18. Bf3 f5 19. Bxb7 Qxb7 20. f3 Rad8 21. Qe2 Bf6 22. Rad1 e5 23. dxe5 dxe5 24. Bg3 Qb6 25. Bf2 e4 26. Rxd8 Rxd8 27. Rd1 Rd3 28. fxe4 fxe4 29. Rxd3 cxd3 30. Qd2 a5 31. Be1 Bg5 32. Kf2 Qc7 33. g3 Qf7+ 34. Kg1 Qxa2 35. h4 Be7 36. Qg2 Qe6 37. Bd2 Qg4 38. Kh2 Bd6 39. Qh3 Qe2+ 40. Qg2 Bc5 41. Qxe2 dxe2 42. g4 Bxe3 43. Be1 Bc1 44. Kg2 Bxb2 45. Kf2 a4 46. Kxe2 a3 0-1

[Event "TUR-chT 2nd League"]
[Site "Konya"]
[Date "2022.08.22"]
[Round "1.15"]
[White "Daloglu, Berkay"]
[Black "Dinler, Oral"]
[Result "1-0"]
[WhiteElo "1644"]
[BlackElo "1553"]
[PlyCount "59"]
[EventDate "2022.08.22"]
[EventType "team-swiss"]
[EventRounds "9"]
[EventCountry "TUR"]
[SourceTitle "CBM 210 Extra"]
[Source "ChessBase"]
[SourceDate "2022.11.30"]
[SourceVersion "1"]
[SourceVersionDate "2022.11.30"]
[SourceQuality "1"]
[WhiteTeam "Cigli Batubey"]
[BlackTeam "Samsun Gercek"]
[WhiteTeamCountry "TUR"]
[BlackTeamCountry "TUR"]

1. e4 Nc6 2. d4 e5 3. dxe5 Nxe5 4. Nf3 Qf6 5. Nc3 Bb4 6. Bd2 Nxf3+ 7. gxf3 Ne7 8. Bd3 Ng6 9. a3 Ba5 10. Qe2 Nh4 11. 0-0-0 Qxf3 12. Qf1 c6 13. Rg1 Ng6 14. Rg3 Qf6 15. Kb1 Bc7 16. f4 0-0 17. Ne2 Kh8 18. Bc3 Qe7 19. h4 Rg8 20. h5 Nf8 21. Qg2 f6 22. Rg1 Ne6 23. e5 fxe5 24. Qe4 Nf8 25. fxe5 d5 26. Qe3 Ne6 27. Qh6 Nf8 28. Nf4 Be6 29. Qxh7+ Nxh7 30. Ng6# 1-0

[Event "TUR Cup"]
[Site "Antalya"]
[Date "2020.01.27"]
[Round "3"]
[White "Dinler, Oral"]
[Black "Basara, Arda"]
[Result "0-1"]
[WhiteElo "1616"]
[BlackElo "1768"]
[PlyCount "78"]
[EventDate "2020.01.26"]
[EventType "swiss"]
[EventRounds "11"]
[EventCountry "TUR"]
[SourceTitle "CBM 194 Extra"]
[Source "ChessBase"]
[SourceDate "2020.03.31"]
[SourceVersion "1"]
[SourceVersionDate "2020.03.31"]
[SourceQuality "1"]

1. d4 d5 2. Nc3 Nf6 3. Bf4 Bf5 4. f3 e6 5. g4 Bg6 6. h4 h6 7. e3 Bd6 8. Bd3 Bxd3 9. Qxd3 Bxf4 10. exf4 Nbd7 11. 0-0-0 Nb6 12. f5 Qd7 13. Re1 0-0-0 14. fxe6 fxe6 15. Qb5 Qd6 16. Qe2 Rhe8 17. Nb5 Qb4 18. c3 Qa4 19. Na3 e5 20. dxe5 d4 21. cxd4 Nfd5 22. Qd2 Nb4 23. Ne2 Rxe5 24. Nc3 Rxe1+ 25. Rxe1 Qc6 26. Qe3 Nxa2+ 27. Kb1 Nxc3+ 28. Qxc3 Qa4 29. Nc2 Kb8 30. Re4 Nd5 31. Qe1 a5 32. f4 Qb5 33. g5 Qd3 34. Re8 Rxe8 35. Qxe8+ Ka7 36. Qe5 c6 37. f5 Qd1+ 38. Ka2 Qxc2 39. f6 Nc3+ 0-1

[Event "TUR-chT Clubs"]
[Site "Konya"]
[Date "2019.07.17"]
[Round "3.15"]
[White "Dinler, Oral"]
[Black "Bingologlu, Furkan"]
[Result "0-1"]
[WhiteElo "1644"]
[BlackElo "1665"]
[PlyCount "120"]
[EventDate "2019.07.16"]
[EventType "team-swiss"]
[EventRounds "9"]
[EventCountry "TUR"]
[SourceTitle "CBM 191 Extra"]
[Source "ChessBase"]
[SourceDate "2019.09.30"]
[SourceVersion "1"]
[SourceVersionDate "2019.09.30"]
[SourceQuality "1"]
[WhiteTeam "Sinop Kultur"]
[BlackTeam "Tokat Ozgem Grup"]
[WhiteTeamCountry "TUR"]
[BlackTeamCountry "TUR"]

1. d4 Nf6 2. Bf4 e6 3. e3 c5 4. c3 Qb6 5. Qb3 Nh5 6. Qxb6 axb6 7. Bc7 cxd4 8. exd4 d6 9. Na3 Nd7 10. Nb5 d5 11. Bg3 Nxg3 12. hxg3 Kd8 13. Nf3 Be7 14. Bd3 h6 15. g4 Rf8 16. Ne5 Nxe5 17. dxe5 Bd7 18. Nd4 f6 19. exf6 Bxf6 20. f3 Ra5 21. Nb3 Ra4 22. 0-0 Rh8 23. g3 Bg5 24. Kg2 e5 25. Rfe1 Re8 26. Bc2 Ra8 27. a3 Kc7 28. Rad1 Bc6 29. Nd2 Rad8 30. Bb3 e4 31. f4 Bf6 32. Nf1 d4 33. cxd4 e3+ 34. d5 e2 35. Rc1 exf1Q+ 36. Kxf1 Rxe1+ 37. Kxe1 Bxb2 38. Rc2 Bxa3 39. dxc6 bxc6 40. Ba4 Bc5 41. Ke2 Rd4 42. Ra2 Re4+ 43. Kf3 Re3+ 44. Kg2 b5 45. Bd1 Bd4 46. Re2 Rxe2+ 47. Bxe2 Kb6 48. Kf3 c5 49. Ke4 Kc6 50. Kd3 Bf6 51. Bf3+ Kd6 52. Kc2 c4 53. Be4 Kc5 54. Bf5 b4 55. g5 hxg5 56. fxg5 b3+ 57. Kb1 Be5 58. Be6 Kb4 59. g4 c3 60. Bf5 c2+ 0-1

[Event "TUR Cup"]
[Site "Antalya"]
[Date "2019.02.03"]
[Round "11"]
[White "Dinler, Oral"]
[Black "Temel, Nurcan"]
[Result "1-0"]
[WhiteElo "1688"]
[BlackElo "1319"]
[PlyCount "59"]
[EventDate "2019.01.27"]
[EventType "swiss"]
[EventRounds "11"]
[EventCountry "TUR"]
[SourceTitle "CBM 188 Extra"]
[Source "ChessBase"]
[SourceDate "2019.02.26"]
[SourceVersion "1"]
[SourceVersionDate "2019.02.26"]
[SourceQuality "1"]

1. d4 d5 2. Bf4 e6 3. e3 Nf6 4. Nf3 Be7 5. Bd3 0-0 6. c3 Nbd7 7. Nbd2 b6 8. Ne5 Bb7 9. Qf3 c5 10. g4 Nxe5 11. dxe5 Nd7 12. Qh3 g6 13. Rg1 Bg5 14. Nf3 Bxf4 15. exf4 f6 16. Rg3 d4 17. Qh6 Rf7 18. f5 Nxe5 19. Nxe5 fxe5 20. fxg6 hxg6 21. Qxg6+ Kf8 22. Qxe6 Qf6 23. Qxf6 Rxf6 24. cxd4 cxd4 25. Rc1 Rc8 26. Rxc8+ Bxc8 27. Be4 Ke7 28. f3 Rh6 29. h3 Kf6 30. g5+ 1-0

[Event "TUR Cup"]
[Site "Antalya"]
[Date "2019.01.28"]
[Round "3"]
[White "Dinler, Oral"]
[Black "Baylav, Bartu"]
[Result "0-1"]
[WhiteElo "1688"]
[BlackElo "1784"]
[PlyCount "88"]
[EventDate "2019.01.27"]
[EventType "swiss"]
[EventRounds "11"]
[EventCountry "TUR"]
[SourceTitle "CBM 188 Extra"]
[Source "ChessBase"]
[SourceDate "2019.02.26"]
[SourceVersion "1"]
[SourceVersionDate "2019.02.26"]
[SourceQuality "1"]

1. d4 d5 2. Bf4 e6 3. e3 c6 4. c3 f5 5. Nf3 Nf6 6. Nbd2 Bd6 7. Ne5 0-0 8. Ndf3 Qe7 9. Be2 Bd7 10. h4 Be8 11. Ng5 Nbd7 12. Qb3 Rb8 13. Qd1 Bxe5 14. dxe5 Ne4 15. Bh5 h6 16. Nh3 Nb6 17. Bxe8 Rbxe8 18. Qe2 a5 19. Qh5 Nc5 20. 0-0-0 a4 21. Qg6 Qf7 22. Qxf7+ Kxf7 23. Kc2 Nc4 24. Ra1 Nd7 25. b3 Ncxe5 26. Bxe5 Nxe5 27. bxa4 Nc4 28. a3 Ra8 29. Rhb1 b6 30. Rb4 c5 31. Rb3 Rxa4 32. Nf4 Rfa8 33. Nd3 Nxa3+ 34. Raxa3 Rxa3 35. Rxb6 c4 36. Ne5+ Kf6 37. Nd7+ Ke7 38. Nc5 Ra2+ 39. Kd1 Rxf2 40. Rxe6+ Kf7 41. Ra6 Rxa6 42. Nxa6 Ke6 43. Nc7+ Ke5 44. Ne8 Rxg2 0-1

[Event "TUR-chT2"]
[Site "Konya"]
[Date "2014.06.27"]
[Round "7.9"]
[White "Guler, Eren Can"]
[Black "Dinler, Oral"]
[Result "0-1"]
[WhiteElo "1530"]
[BlackElo "1795"]
[PlyCount "98"]
[EventDate "2014.06.23"]
[EventType "team-swiss"]
[EventRounds "9"]
[EventCountry "TUR"]
[SourceTitle "CBM 161 Extra"]
[Source "ChessBase"]
[SourceDate "2014.08.29"]
[SourceVersion "1"]
[SourceVersionDate "2014.08.29"]
[SourceQuality "1"]
[WhiteTeam "Tasduvar"]
[BlackTeam "Gercek"]
[WhiteTeamCountry "TUR"]
[BlackTeamCountry "TUR"]

1. d4 d5 2. Nc3 Nc6 3. e3 Nf6 4. Bb5 Bd7 5. Nf3 a6 6. Bd3 e6 7. e4 dxe4 8. Nxe4 Be7 9. 0-0 0-0 10. b3 Nb4 11. Nxf6+ Bxf6 12. Be4 Bc6 13. Bxc6 Nxc6 14. Bb2 Qd6 15. Re1 Rad8 16. c3 Rfe8 17. a4 e5 18. Ba3 Qd7 19. dxe5 Nxe5 20. Nxe5 Rxe5 21. Qxd7 Rxd7 22. Rxe5 Bxe5 23. Re1 f6 24. c4 Rd3 25. Rb1 Bd4 26. Bb4 Bc3 27. Bxc3 Rxc3 28. Kf1 Rc2 29. Rd1 Rc3 30. Rb1 Kf7 31. Ke2 Rc2+ 32. Ke3 Ke6 33. Rd1 a5 34. Rd5 b6 35. Rb5 Kd6 36. h4 g6 37. g4 Rc3+ 38. Kd4 Rf3 39. c5+ Kc6 40. cxb6 cxb6 41. Ke4 Rxf2 42. h5 Rc2 43. g5 f5+ 44. Ke5 Rc5+ 45. Kf6 f4 46. Kg7 f3 47. b4 Rxb5 48. axb5+ Kxb5 49. Kxh7 f2 0-1

[Event "Kemer Turkey Cup"]
[Site "Kemer"]
[Date "2014.02.08"]
[Round "9"]
[White "Kirali, Hasan"]
[Black "Dinler, Oral"]
[Result "0-1"]
[WhiteElo "1468"]
[BlackElo "1822"]
[PlyCount "124"]
[EventDate "2014.02.01"]
[EventType "swiss"]
[EventRounds "9"]
[EventCountry "TUR"]
[SourceTitle "EXT 2015"]
[Source "ChessBase"]
[SourceDate "2014.11.20"]
[SourceVersion "1"]
[SourceVersionDate "2014.11.20"]
[SourceQuality "1"]

1. d4 d5 2. e3 Nf6 3. Bd3 e6 4. f4 c5 5. c3 cxd4 6. cxd4 Bb4+ 7. Nc3 Nc6 8. Bd2 Bd7 9. Nf3 0-0 10. 0-0 Rc8 11. Ne5 Bxc3 12. Bxc3 Ne4 13. Rc1 f6 14. Nxd7 Qxd7 15. Qh5 Qf7 16. Qxf7+ Rxf7 17. Bxe4 dxe4 18. a3 Rfc7 19. Bd2 Ne7 20. Rxc7 Rxc7 21. Rc1 Rxc1+ 22. Bxc1 Nd5 23. Kf2 Kf7 24. Ke2 Ke7 25. Kd2 Kd6 26. b3 Kc6 27. Bb2 Kb5 28. Bc3 b6 29. a4+ Kc6 30. Bb2 Nb4 31. Ba3 Nd3 32. Ke2 g6 33. Kd2 Kd5 34. Be7 f5 35. Ba3 a6 36. Be7 Nf2 37. Bh4 Nd3 38. Be7 Kc6 39. Ba3 Kd7 40. Bf8 Ke8 41. Ba3 Kf7 42. Bd6 Nf2 43. b4 b5 44. a5 Nd3 45. Bc5 Ke8 46. Bd6 Kd7 47. Bc5 Kc6 48. Be7 Kd5 49. Kc3 Ne1 50. g3 h5 51. h4 Nf3 52. Bc5 Ng1 53. Kd2 Kc4 54. Bf8 Nf3+ 55. Ke2 Kc3 56. Bc5 Nd2 57. Bf8 Nc4 58. Bc5 Na3 59. Kd1 Nc2 60. Kc1 Nxb4 61. Ba7 Nd5 62. Bc5 Nxe3 0-1

[Event "Kemer Turkey Cup"]
[Site "Kemer"]
[Date "2014.02.05"]
[Round "6"]
[White "Dinler, Oral"]
[Black "Celik, Aslan"]
[Result "1-0"]
[WhiteElo "1822"]
[BlackElo "1694"]
[PlyCount "85"]
[EventDate "2014.02.01"]
[EventType "swiss"]
[EventRounds "9"]
[EventCountry "TUR"]
[SourceTitle "CBM 158 Extra"]
[Source "ChessBase"]
[SourceDate "2014.02.28"]
[SourceVersion "1"]
[SourceVersionDate "2014.02.28"]
[SourceQuality "1"]

1. e4 c6 2. d4 d5 3. Nc3 dxe4 4. Nxe4 Nd7 5. Nf3 Ngf6 6. Nxf6+ Nxf6 7. Bc4 Bg4 8. Bxf7+ Kxf7 9. Ne5+ Kg8 10. Nxg4 Qd5 11. 0-0 h5 12. Ne5 h4 13. h3 e6 14. c3 Bd6 15. Re1 Rh5 16. Bf4 Rf5 17. Bh2 Rf8 18. f4 Bxe5 19. Rxe5 Rxe5 20. dxe5 Qc5+ 21. Qd4 Qxd4+ 22. cxd4 Nd5 23. Rf1 Ne3 24. Rf3 Nf5 25. Rd3 Rd8 26. Kf1 Rxd4 27. Rxd4 Nxd4 28. Bg1 Nb5 29. Bf2 a5 30. Bxh4 a4 31. Ke2 Kf7 32. Kd3 Nc7 33. Ke4 Nd5 34. g4 b5 35. Bf2 b4 36. Bc5 b3 37. axb3 axb3 38. f5 Nc3+ 39. Kd3 Nd1 40. Bd4 c5 41. Kd2 cxd4 42. Kxd1 Ke7 43. Kd2 1-0

[Event "Kemer Turkey Cup"]
[Site "Kemer"]
[Date "2014.02.03"]
[Round "4"]
[White "Dinler, Oral"]
[Black "Karahan, Anil"]
[Result "1-0"]
[WhiteElo "1822"]
[BlackElo "1632"]
[PlyCount "121"]
[EventDate "2014.02.01"]
[EventType "swiss"]
[EventRounds "9"]
[EventCountry "TUR"]
[SourceTitle "CBM 158 Extra"]
[Source "ChessBase"]
[SourceDate "2014.02.28"]
[SourceVersion "1"]
[SourceVersionDate "2014.02.28"]
[SourceQuality "1"]

1. d4 Nf6 2. c4 g6 3. Nc3 Bg7 4. e4 d6 5. Nf3 0-0 6. Be2 e5 7. dxe5 dxe5 8. 0-0 Be6 9. Bg5 Nbd7 10. Qc2 c6 11. Rfd1 Qc7 12. Rac1 Rfe8 13. b4 a5 14. b5 h6 15. Bh4 Rad8 16. a4 Kh7 17. Bg3 Nh5 18. Ne1 Nxg3 19. hxg3 Nc5 20. Rxd8 Rxd8 21. Rd1 Rd7 22. Nd3 Nxd3 23. Rxd3 Rd4 24. Rxd4 exd4 25. Na2 cxb5 26. axb5 f5 27. exf5 Bxf5 28. Bd3 Bxd3 29. Qxd3 Qe5 30. Kf1 b6 31. Nc1 Qf5 32. Ke2 Kg8 33. Nb3 a4 34. Nc1 Kf7 35. f4 h5 36. Kd2 Qxd3+ 37. Nxd3 Ke7 38. Kc2 Ke6 39. Kb2 Kf5 40. c5 bxc5 41. b6 Bf8 42. b7 Bd6 43. Nxc5 Kg4 44. Kc2 Bb8 45. Nd7 Bd6 46. Nc5 Bb8 47. Nd7 Bd6 48. Ne5+ Kf5 49. Kd3 Ke6 50. Kxd4 Bc7 51. Nxg6 Kd6 52. Ne5 Bb6+ 53. Kc4 Kc7 54. b8Q+ Kxb8 55. Nd7+ Kc7 56. Nxb6 Kxb6 57. Kb4 a3 58. Kxa3 Kc5 59. Kb3 Kd4 60. Kc2 Ke3 61. f5 1-0

[Event "Kemer Turkey Cup"]
[Site "Kemer"]
[Date "2014.02.02"]
[Round "3"]
[White "Pektas, Yigit"]
[Black "Dinler, Oral"]
[Result "1/2-1/2"]
[WhiteElo "1620"]
[BlackElo "1822"]
[PlyCount "81"]
[EventDate "2014.02.01"]
[EventType "swiss"]
[EventRounds "9"]
[EventCountry "TUR"]
[SourceTitle "CBM 158 Extra"]
[Source "ChessBase"]
[SourceDate "2014.02.28"]
[SourceVersion "1"]
[SourceVersionDate "2014.02.28"]
[SourceQuality "1"]

1. d4 d5 2. Nf3 Nf6 3. e3 e6 4. Bd3 c5 5. c3 Nc6 6. Nbd2 Bd6 7. 0-0 c4 8. Bc2 0-0 9. e4 Bf4 10. Re1 b5 11. Nf1 Bxc1 12. Rxc1 dxe4 13. Ng5 Bb7 14. Nxe4 Nxe4 15. Bxe4 Na5 16. Ng3 Bxe4 17. Nxe4 Qd5 18. Nc5 Nb7 19. Re5 Qc6 20. Qf3 Qxf3 21. gxf3 Nxc5 22. Rxc5 a6 23. a4 Rfb8 24. Ra1 Rc8 25. axb5 axb5 26. Rxa8 Rxa8 27. Rxb5 Kf8 28. b3 cxb3 29. Rxb3 Ke7 30. Rb7+ Kf6 31. Kg2 Rc8 32. Rb3 Rc7 33. f4 Ke7 34. Kf3 Kd6 35. Ke4 Ra7 36. Rb6+ Kc7 37. Rb2 Ra3 38. c4 Ra1 39. Re2 Rh1 40. f3 Rf1 41. c5 1/2-1/2

[Event "TUR-ch"]
[Site "Kemer"]
[Date "2011.02.05"]
[Round "1"]
[White "Dinler, Oral"]
[Black "Bozkurt, Ilker Nadir"]
[Result "0-1"]
[WhiteElo "1896"]
[BlackElo "2109"]
[PlyCount "94"]
[EventDate "2011.02.05"]
[EventType "swiss"]
[EventRounds "10"]
[EventCountry "TUR"]
[SourceTitle "CBM 140 Extra"]
[Source "ChessBase"]
[SourceDate "2011.03.01"]
[SourceVersion "1"]
[SourceVersionDate "2011.03.01"]
[SourceQuality "1"]

1. d4 d5 2. c4 e6 3. Nc3 Be7 4. Nf3 Nf6 5. Bg5 h6 6. Bxf6 Bxf6 7. e3 0-0 8. Bd3 c6 9. 0-0 Nd7 10. Rc1 dxc4 11. Bxc4 e5 12. dxe5 Nxe5 13. Nxe5 Bxe5 14. Qxd8 Rxd8 15. Rfd1 Bf5 16. Be2 Kf8 17. Rxd8+ Rxd8 18. Rd1 Rxd1+ 19. Bxd1 Be6 20. a3 g5 21. g3 g4 22. Kf1 Ke7 23. Ke1 Kd6 24. Kd2 a6 25. Be2 f5 26. Bd3 b5 27. Kc2 c5 28. Bf1 c4 29. Bg2 Kc5 30. Bb7 a5 31. Bg2 b4 32. axb4+ axb4 33. Ne2 b3+ 34. Kc1 Bd5 35. Bf1 Kb4 36. Nd4 Be4 37. Kd2 h5 38. h3 c3+ 39. Kc1 c2 40. Kd2 Bd5 41. hxg4 fxg4 42. Bd3 Kc5 43. Bg6 Bxd4 44. exd4+ Kxd4 45. f4 gxf3 46. Bxh5 f2 47. Be2 Bc4 0-1

[Event "TUR-ch op"]
[Site "Antalya"]
[Date "2008.02.07"]
[Round "7.66"]
[White "Dinler, Oral"]
[Black "Uluhan, Anil"]
[Result "1/2-1/2"]
[WhiteElo "1899"]
[BlackElo "1558"]
[PlyCount "133"]
[EventDate "2008.02.04"]
[EventType "swiss"]
[EventRounds "11"]
[EventCountry "TUR"]
[SourceTitle "CBM 122 Extra"]
[Source "ChessBase"]
[SourceDate "2008.03.04"]
[SourceVersion "1"]
[SourceVersionDate "2008.03.04"]
[SourceQuality "1"]

1. e4 c5 2. Nf3 Nc6 3. d4 cxd4 4. Nxd4 e5 5. Nf5 d5 6. Ng3 d4 7. c3 Bc5 8. Bc4 Nf6 9. b4 Bb6 10. Bb2 0-0 11. 0-0 Re8 12. a4 Ng4 13. a5 Bc7 14. h3 Nf6 15. Na3 a6 16. Nc2 Be6 17. Bxe6 Rxe6 18. cxd4 exd4 19. Nxd4 Nxd4 20. Qxd4 Qxd4 21. Bxd4 Nxe4 22. Nf5 Nf6 23. Rac1 Bd6 24. Nxd6 Rxd6 25. Bxf6 Rxf6 26. Rc7 b5 27. Rd1 g6 28. Rdd7 Re8 29. f3 Re1+ 30. Kf2 Re5 31. Ra7 Re8 32. Rdb7 Ree6 33. g3 g5 34. Rb8+ Kg7 35. Rab7 h5 36. Rb6 g4 37. hxg4 hxg4 38. f4 Rd6 39. Rxd6 Rxd6 40. Rb6 Rd4 41. Rxa6 Rxb4 42. Rb6 Rb3 43. a6 b4 44. a7 Ra3 45. Rb7 b3 46. Ke3 b2+ 47. Ke4 Rxa7 48. Rxb2 Ra3 49. Rg2 Kf6 50. Rg1 Ke6 51. Rg2 f5+ 52. Kd4 Rb3 53. Kc5 Re3 54. Kc4 Kf6 55. Kd4 Ra3 56. Rb2 Rxg3 57. Rb6+ Kg7 58. Ke5 Ra3 59. Kxf5 g3 60. Rg6+ Kf7 61. Rg4 Rf3 62. Ke4 Ra3 63. Rg5 Ra4+ 64. Kf3 Ra3+ 65. Kg2 Kf6 66. Rxg3 Rxg3+ 67. Kxg3 1/2-1/2

[Event "TUR-ch op"]
[Site "Antalya"]
[Date "2008.02.06"]
[Round "5.45"]
[White "Durukan, Ibrahim"]
[Black "Dinler, Oral"]
[Result "1-0"]
[WhiteElo "1679"]
[BlackElo "1899"]
[PlyCount "71"]
[EventDate "2008.02.04"]
[EventType "swiss"]
[EventRounds "11"]
[EventCountry "TUR"]
[SourceTitle "CBM 122 Extra"]
[Source "ChessBase"]
[SourceDate "2008.03.04"]
[SourceVersion "1"]
[SourceVersionDate "2008.03.04"]
[SourceQuality "1"]

1. d4 d5 2. Bf4 Nf6 3. Nf3 e6 4. e3 c5 5. c3 Nc6 6. Nbd2 c4 7. Qc2 b5 8. e4 dxe4 9. Nxe4 Bb7 10. Nxf6+ Qxf6 11. Bg5 Qg6 12. Qxg6 hxg6 13. Be2 Bd6 14. 0-0-0 0-0 15. d5 exd5 16. Rxd5 Rfe8 17. Rxd6 Rxe2 18. Be3 Rd8 19. Rxd8+ Nxd8 20. Nd4 Bxg2 21. Rd1 Rxe3 22. fxe3 Nc6 23. Nxc6 Bxc6 24. Rd6 Be8 25. Ra6 f5 26. Rxa7 g5 27. Kd2 f4 28. Re7 Bh5 29. exf4 gxf4 30. Re5 g6 31. Rxb5 Kf7 32. a4 Ke6 33. a5 Kd6 34. a6 Bf3 35. a7 Kc7 36. Rb8 1-0